000 00934nam a2200241 a 4500
001 55573
003 BD-RjUL
005 20211209080302.0
008 161120s1981 bgt||||| |||| 00| 0 ben d
020 _c: TK 75.00
035 _a(BD-RjUL)55696
040 _aBD-RjUL
_bben
_cBD-RjUL
041 _aben
082 _223
_a631.40954
_bVAR 1981
245 0 0 _aভারতের মৃত্তিকা পরিচর্যা /
_cএইচ. আর. আরাকারি....[....অন্যান্য]
260 _aঢাকা :
_bবাংলা একাডেমী,
_c১৯৮১
300 _a[৩০], ৭৫৮ পৃ. ;
_c২১ সেমি.
650 _aমৃত্তিকা
_zভারত
_9165547
650 _aSoils
_zIndia
_9165548
700 _aআরাকারি, এইচ. আর.
_9165549
700 _aআনাম, কায়রুল, অনুবাদ
_9165550
942 _2ddc
_cBK
999 _c55573
_d55573